000 00634nam a22001937a 4500
005 20251108173637.0
008 250721s2003 xx 000 0 ara d
082 1 4 _aط/219/شها
100 1 _aالشهاوي، مجدي محمد
245 1 0 _aمحاولات اغتيال النبي صلى الله عليه وسلم /
264 1 _aالقاهرة :
_bمكتبة الصفا،
_c2003.
300 _a80ص.
650 1 7 _aالسيرة النبوية
650 1 7 _aاغتيالات
650 1 7 _aمحمد صلى االه عليه وسلم
653 _aناشئون صغار (10-14سنة)
942 _2ddc
_cBK
999 _c108888
_d108888